Stations du métro de Lyon sur une carte - Statistiques

Statistiques générales
  • Ce quiz a été pris 10 377 fois
    9 530 depuis la dernière actualisation
  • Le résultat moyen est 25 sur 45
Réponses sur la Carte
Les réponses sont colorées sur une échelle allant du rouge au vert en fonction du pourcentage des utilisateurs qui les ont devinées à leur premier essai. Vous pouvez retrouver ces pourcentages ci-dessous.
 
Statistiques - réponses
Lignes Stations % Correct
A Bellecour
87%
A Perrache
84%
A Hôtel de Ville
79%
D Gare de Vaise
75%
B Saxe Gambetta
75%
B Gare Part-Dieu - Vivier Merle
74%
D Guillotière - Gabriel Péri
72%
D Vieux Lyon
72%
A Charpennes
70%
C Croix-Rousse
70%
A Cordeliers
65%
D Gare de Vénissieux
65%
A Ampère Victor Hugo
63%
F2 Fourvière
63%
D Gorge de Loup
61%
B Jean Macé
61%
B Stade de Gerland - Le LOU
61%
A Foch
59%
A Masséna
59%
D Grange Blanche
58%
A Vaulx-en-Velin - La Soie
57%
A Gratte-Ciel
56%
D Garibaldi
55%
B Brotteaux
54%
D Sans Souci
54%
D Monplaisir Lumière
53%
C Cuire
52%
D Valmy
52%
B Place Guichard - Bourse du Travail
51%
A République - Villeurbanne
51%
B Gare d'Oullins
50%
B Place Jean Jaurès
49%
B Saint-Genis-Laval - Hôpital Sud
47%
C Croix-Paquet
43%
B Debourg
43%
D Mermoz - Pinel
43%
D Parilly
43%
D Laënnec
42%
A Laurent Bonnevay
42%
A Cusset
40%
A Flachet - Alain Gilles
39%
F1 Saint-Just
39%
B Oullins Centre
36%
C Henon
35%
F1 Minimes - Théâtres Romains
26%
Aucun quiz correspondant
Distribution des résultats
% des personnes avec chaque résultat
Percentile par nombre de réponses
Votre historique - résultats
Vous n’avez pas pris ce quiz depuis la dernière actualisation